000 00361nam a22001577a 4500
003 MPLRDC
005 20220104143205.0
008 210129b ||||| |||| 00| 0 eng d
082 _a220.7 DZPS
100 _a不详
245 _a地藏菩萨灵感见闻录
_c
260 _a
_b不详
_c
300 _b
650 _a佛教杂论
942 _cBK
_o220.7 DZPS
999 _c37489
_d37479